Central Library OPAC University of Rajshahi

General psychology / (Record no. 28899)

MARC details
000 -LEADER
fixed length control field 00704cam a2200253u 4500
001 - CONTROL NUMBER
control field 28899
003 - CONTROL NUMBER IDENTIFIER
rucl marc code BD-RjUL
005 - DATE AND TIME OF LATEST TRANSACTION
control field 20211209051339.0
008 - FIXED-LENGTH DATA ELEMENTS--GENERAL INFORMATION
fixed length control field 140401r19601952nyua 001 0 eng d
035 ## - SYSTEM CONTROL NUMBER
System control number (BD-RjUL) 28983
040 ## - CATALOGING SOURCE
Original cataloging agency DLC
Transcribing agency CarP
Modifying agency DLC
-- BD-RjUL
Language of cataloging eng
041 ## - LANGUAGE CODE
Language code of text/sound track or separate title eng
082 00 - DEWEY DECIMAL CLASSIFICATION NUMBER
Classification number 150
Author mark and year GUG 1960
100 1# - MAIN ENTRY--PERSONAL NAME
Personal name Guilford, J. P.
Fuller form of name (Joy Paul),
Dates associated with a name 1897-1987.
9 (RLIN) 5571
245 00 - TITLE STATEMENT
Title General psychology /
Statement of responsibility, etc. J. P. Guilford
250 ## - EDITION STATEMENT
Edition statement 2d ed.
260 ## - PUBLICATION, DISTRIBUTION, ETC. (IMPRINT)
Place of publication, distribution, etc. New York,
Name of publisher, distributor, etc. D. Van Nostrand
Date of publication, distribution, etc. 1952 [Reprinted 1960]
300 ## - PHYSICAL DESCRIPTION
Pagination 587 p. :
Illustrations illus. ;
Size 24 cm.
504 ## - BIBLIOGRAPHY, ETC. NOTE
Bibliography, etc Includes Index
650 #0 - SUBJECT ADDED ENTRY--TOPICAL TERM
Topical term or geographic name as entry element Psychology.
9 (RLIN) 88354
942 ## - ADDED ENTRY ELEMENTS (KOHA)
Source of classification or shelving scheme Dewey Decimal Classification
Koha item type Books
Holdings
Lost status Source of classification or shelving scheme Damaged status Not for loan Collection code Permanent Location Current Location Shelving location Date acquired Source of acquisition Cost, normal purchase price Total Checkouts Full call number Date last seen Date checked out Copy number Koha item type
  Dewey Decimal Classification     Non-fiction Central Library, University of Rajshahi Central Library, University of Rajshahi   12/02/1965 Zeitlinger 0.00 1 150 GUG 1960 23/02/2021 21/01/2021 C-5 Books